| 000 | 00616nam a22001817a 4500 | ||
|---|---|---|---|
| 008 | 100523t xxu||||| |||| 00| 0 eng d | ||
| 020 | _a9770253456 | ||
| 082 |
_222 _a202.53 _bز ق ز |
||
| 100 |
_914181 _aزقزوق, محمود حمدى |
||
| 245 |
_aالدين والفلسفة والتنوير / _cمحمود حمدى زقزوق |
||
| 260 |
_aالقاهرة : _bدار المعارف, _c1996. |
||
| 300 |
_a118 ص؛ _c20 سم. |
||
| 440 |
_914185 _aسلسلة اقرأ _n106 |
||
| 500 | _aDonations. | ||
| 500 | _aDonated by:Dr. Bassem Ahmed. | ||
| 650 |
_914195 _aالدين والفلسفة |
||
| 942 |
_2ddc _cBB |
||
| 999 |
_c14008 _d14008 |
||